000 nam a22 7a 4500
999 _c8909
_d8909
008 180120b ||||| |||| 00| 0 eng d
100 _95224
_aARTHUR.L ET AL
245 _aDIVERSE LITERACIES IN EARLY CHILDHOOH
260 _aAUSTRALIA
_b ACER
_c2016